LDR 00890naa#a2200169#i#450# 001 RU\INFRA-M\bibl\114273 005 20260428091537.2 011 ## _a2587-9111 100 ## _a20260202b2026####ek#y0rusy0150####ca 102 ## _aRU 200 1# _aСравнительный анализ статистических показателей рыночной доходности акций российских энергетических компаний _eЖурнальная статья 210 1# _aМосква _cОбщество с ограниченной ответственностью «Научно-издательский центр ИНФРА-М» _d2026 215 ## _a3 с. 608 ## _aЖурнальная статья _2local 675 ## _aЭкономические науки в целом. Политическая экономия. 330 _z 700 #1 _aАверина _gТ. Н. 856 4# _anaukaru.ru _u